Logo

Description automatically generated
विद्यार्जन
 संसाधन केंद्र, भारतीय प्रौद्योगिकी संस्थान इन्दौर
Learning Resource Center, Indian Institute of Technology Indore

ऑनलाइन सार्वजनिक अभिगम प्रसूची
Online Public Access Catalogue (OPAC)

Language, society, and culture : introducing anthropological linguistics (Record no. 53160)

MARC details
000 -LEADER
fixed length control field 00583nam a22001937a 4500
005 - DATE AND TIME OF LATEST TRANSACTION
control field 20260429145827.0
008 - FIXED-LENGTH DATA ELEMENTS--GENERAL INFORMATION
fixed length control field 260429b |||||||| |||| 00| 0 eng d
020 ## - INTERNATIONAL STANDARD BOOK NUMBER
International Standard Book Number 9781551303475
Qualifying information pbk
082 ## - DEWEY DECIMAL CLASSIFICATION NUMBER
Classification number 306.44
Item number DAN
100 ## - MAIN ENTRY--PERSONAL NAME
Personal name Danesi, Marcel
245 ## - TITLE STATEMENT
Title Language, society, and culture : introducing anthropological linguistics
250 ## - EDITION STATEMENT
Edition statement 2008
260 ## - PUBLICATION, DISTRIBUTION, ETC.
Place of publication, distribution, etc. Toronto
Name of publisher, distributor, etc. Canadian Scholar's Press
Date of publication, distribution, etc. 2008
300 ## - PHYSICAL DESCRIPTION
Extent xi, 312p. ; 22cm.
653 ## - INDEX TERM--UNCONTROLLED
Uncontrolled term Anthropological linguistics
653 ## - INDEX TERM--UNCONTROLLED
Uncontrolled term Basic course in anthropological linguistics
653 ## - INDEX TERM--UNCONTROLLED
Uncontrolled term HS614
942 ## - ADDED ENTRY ELEMENTS (KOHA)
Source of classification or shelving scheme Dewey Decimal Classification
Koha item type Book
Holdings
Withdrawn status Lost status Source of classification or shelving scheme Damaged status Not for loan Home library Current library Shelving location Date acquired Source of acquisition Total Checkouts Full call number Barcode Date last seen Price effective from Koha item type
    Dewey Decimal Classification     LRC, IIT Indore LRC, IIT Indore 3rd Floor - General Stack 23/04/2026 PO_2025-26_PO-112 ,Vendor: Shankar's Book Agency Pvt.Ltd., New Delhi ; Inv. No.: IN37120/25-26, dt.17.03.2026 ; Price: USD 50.95   306.44 DAN 38803 29/04/2026 29/04/2026 Book
Copyright © 2024, 2021, 2017 Indian Institute of Technology Indore. All Rights Reserved.
Managed & maintained by Learning Resource Center, IIT Indore